| 000 -LEADER |
| fixed length control field |
00585cam a22001577a 4500 |
| 008 - FIXED-LENGTH DATA ELEMENTS--GENERAL INFORMATION |
| fixed length control field |
180718b1978 xxu||||| |||| 00| 0 eng d |
| 082 ## - DEWEY DECIMAL CLASSIFICATION NUMBER |
| Classification number |
J7x42 Un3t |
| 100 ## - MAIN ENTRY--PERSONAL NAME |
| Personal name |
Crousaz, Dione |
| 245 ## - TITLE STATEMENT |
| Title |
Towards participation: a study of self-management in a neighbourhood community centre |
| Statement of responsibility, etc. |
by Dione Crousaz, Carolyn Davies and Andrea Weston |
| 260 ## - PUBLICATION, DISTRIBUTION, ETC. |
| Place of publication, distribution, etc. |
London |
| Name of publisher, distributor, etc. |
Her Majesty's Stationery Office |
| Date of publication, distribution, etc. |
1978 |
| 300 ## - PHYSICAL DESCRIPTION |
| Extent |
vii, 82p |
| 440 ## - SERIES STATEMENT/ADDED ENTRY--TITLE |
| Title |
Research report; 3 |
| 650 ## - SUBJECT ADDED ENTRY--TOPICAL TERM |
| Topical term or geographic name entry element |
Community centers --Great Britain --Management --Case studies. |
| 700 ## - ADDED ENTRY--PERSONAL NAME |
| Personal name |
Weston, Andrea |
| 700 ## - ADDED ENTRY--PERSONAL NAME |
| Personal name |
Davies, Carolyn |